000 00280nam a22001337a 4500
008 171010b xxu||||| |||| 00| 0 eng d
020 _a9780130410481
041 _aeng
080 _a316
100 _a50
101 _aSOC
245 _aSOCIETY
_cMACIONIS, J.J
942 _2udc
_cBK
999 _c32811
_d32811